LEADER 01552nam0 22003133i 450 001 VAN0105103 005 20160331092514.675 010 $a978-88-8202-042-2 100 $a20160316d2013 |0itac50 ba 101 $aita 102 $aIT 105 $a|||| ||||| 200 1 $aˆLe ‰città di carta$edisegni dal Krigsarkivet di Stoccolma$fAnnalisa Dameri 210 $aTorino$cPolitecnico di Torino$d2013 215 $a134 p.$cill.$d30 cm. 606 $aArchitettura militare$xMilano$xSec. 16.-18.$xFonti documentarie$3VANC032040$2AR 606 $aFortificazioni$xMilano$xSec. 16.-18.$xFonti documentarie$3VANC032041$2AR 606 $aCartografia militare$xSec. 16.-18.$xStoccolma$xKrigsarkivet$3VANC032042$2AR 620 $dTorino$3VANL000001 676 $a912.0903$cCarte topografiche. Età moderna. 1500-$v21 700 1$aDameri$bAnnalisa$3VANV081819$0721419 712 $aPolitecnico di Torino$3VANV110825$4650 801 $aIT$bSOL$c20230616$gRICA 856 4 $u/sebina/repository/catalogazione/documenti/Le_citta_di_carta._disegni_dal_Krigsarki.pdf$zLe_citta_di_carta._disegni_dal_Krigsarki.pdf 912 $aVAN0105103 950 $aBIBLIOTECA DEL DIPARTIMENTO DI ARCHITETTURA E DISEGNO INDUSTRIALE$d01PREST IBc97 $e01 52348 20160316 950 $aBIBLIOTECA DEL DIPARTIMENTO DI ARCHITETTURA E DISEGNO INDUSTRIALE$d01PREST IBc98 $e01 52350 20160316 996 $aCittà di carta$91413308 997 $aUNICAMPANIA LEADER 02150nam0 22004933i 450 001 VAN0218400 005 20230606031207.5 017 70$2N$a9783030149154 100 $a20210928d2019 |0itac50 ba 101 $aeng 102 $aCH 105 $a|||| ||||| 200 1 $aReturning People to the Moon After Apollo$eWill It Be Another Fifty Years?$fPat Norris 210 $aCham$cSpringer ; Chichester$cPraxis$d2019 215 $avii, 231 p.$cill.$d24 cm 410 1$1001VAN0132682$12001 $aSpace Exploration. Subseries$1210 $aNew York [etc.]$cSpringer 500 1$3VAN0218402$aReturning People to the Moon After Apollo : Will It Be Another Fifty Years?$92572957 606 $a01-XX$xHistory and biography [MSC 2020]$3VANC021469$2MF 606 $a85-XX$xAstronomy and Astrophysics [MSC 2020]$3VANC023246$2MF 606 $a00-XX$xGeneral and overarching topics; collections [MSC 2020]$3VANC025238$2MF 610 $aApollo 11$9KW:K 610 $aApollo 50th anniversary$9KW:K 610 $aApollo Missions$9KW:K 610 $aApollo program$9KW:K 610 $aBuzz Aldrin$9KW:K 610 $aElon Musk$9KW:K 610 $aMoon Landings$9KW:K 610 $aMoon exploration$9KW:K 610 $aNeil Armstrong$9KW:K 610 $aNew mission to the moon$9KW:K 610 $aNext moon landing$9KW:K 620 $aGB$dChichester$3VANL000049 620 $aCH$dCham$3VANL001889 700 1$aNorris$bPat$3VANV185893$0994797 712 $aPraxis $3VANV115210$4650 712 $aSpringer $3VANV108073$4650 801 $aIT$bSOL$c20240614$gRICA 856 4 $uhttp://doi.org/10.1007/978-3-030-14915-4$zE-book ? Accesso al full-text attraverso riconoscimento IP di Ateneo, proxy e/o Shibboleth 899 $aBIBLIOTECA DEL DIPARTIMENTO DI MATEMATICA E FISICA$1IT-CE0120$2VAN08 912 $fN 912 $aVAN0218400 950 $aBIBLIOTECA DEL DIPARTIMENTO DI MATEMATICA E FISICA$d08CONS e-book 4010 $e08eMF4010 20210928 996 $aReturning People to the Moon After Apollo : Will It Be Another Fifty Years$92572957 997 $aUNICAMPANIA